Discrete Mathematics / (Record no. 158252)
[ view plain ]
| 000 -LEADER | |
|---|---|
| fixed length control field | 01252nam a22003017a 4500 |
| 005 - DATE AND TIME OF LATEST TRANSACTION | |
| control field | 20181023155140.0 |
| 010 ## - LCCN (DPL NO) | |
| LC control number | B-710636 |
| 020 ## - INTERNATIONAL STANDARD BOOK NUMBER | |
| International Standard Book Number | 0070601747 |
| Terms of availability | 485.00 |
| 035 ## - SYSTEM CONTROL NUMBER | |
| System control number | B-710636 |
| 037 ## - SOURCE OF ACQUISITION | |
| Source of stock number/acquisition | Tata Mc Graw Hill |
| 082 ## - DEWEY DECIMAL CLASSIFICATION NUMBER | |
| Classification number | 510 |
| 100 ## - MAIN ENTRY--PERSONAL NAME | |
| Personal name | Lipschutz, Seymour |
| 245 ## - TITLE STATEMENT | |
| Title | Discrete Mathematics / |
| Statement of responsibility, etc | by Seymour Lipschutz, Marc Lars Lipson [and] Varsha H. Patil |
| 250 ## - EDITION STATEMENT | |
| Edition statement | 2nd ed. |
| 260 ## - PUBLICATION, DISTRIBUTION, ETC. (IMPRINT) | |
| Place of publication, distribution, etc | New Delhi |
| Name of publisher, distributor, etc | McGraw Hill Education |
| Date of publication, distribution, etc | 2006 |
| 270 ## - ADDRESS | |
| Address | 7 West Patel Nagar |
| City | New Delhi |
| Postal code | 110008 |
| 300 ## - PHYSICAL DESCRIPTION | |
| Extent | various pagings |
| Dimensions | 24cm (pbk) |
| 490 ## - SERIES STATEMENT | |
| Series statement | Schaum's outlines series |
| 500 ## - GENERAL NOTE | |
| General note | Includes index. |
| 505 ## - FORMATTED CONTENTS NOTE | |
| Formatted contents note | Set theory -- Functions and algorithms -- Logic and propositional calculus -- Counting -- Relations -- Graph theory -- Binary trees -- Boolean algebra -- Languages, grammars, machines. |
| 650 ## - SUBJECT ADDED ENTRY--TOPICAL TERM | |
| Topical term or geographic name as entry element | Algebra, Abstract |
| Form subdivision | Outlines, syllabi, etc. |
| 650 ## - SUBJECT ADDED ENTRY--TOPICAL TERM | |
| Topical term or geographic name as entry element | Combinatorial analysis |
| Form subdivision | Outlines, syllabi, etc. |
| 650 ## - SUBJECT ADDED ENTRY--TOPICAL TERM | |
| Topical term or geographic name as entry element | Logic, Symbolic and mathematical |
| Form subdivision | Outlines, syllabi, etc. |
| 700 ## - ADDED ENTRY--PERSONAL NAME | |
| Personal name | Lipson, Marc Lars |
| 700 ## - ADDED ENTRY--PERSONAL NAME | |
| Personal name | Patil, Varsha H. |
| 942 ## - ADDED ENTRY ELEMENTS (KOHA) | |
| Source of classification or shelving scheme | Dewey Decimal Classification |
| Item type | English Books |
| Call number suffix | LIP |
| Classification part | 510 |
| Withdrawn status | Lost status | Not for loan | Collection code | Home library | Current library | Date acquired | Source of acquisition | Cost, normal purchase price | Full call number | Barcode | Copy number | Cost, replacement price | Koha item type |
|---|---|---|---|---|---|---|---|---|---|---|---|---|---|
| Non-fiction | Ashok Vihar | Ashok Vihar | 23/10/2018 | Gift/16-10-2018 | 485.00 | 510 LIP | B-710636 | 1 | 485.00 | English Books |
